=LDR 00000nam 2200000 4500 =001 INLIS000000000045634 =005 20150206085135.0 =006 =007 =008 =020 ##$$a 979-28-0530-7 =035 ##$$0010-021500000000194 =040 ##$$a NBPDMAT =082 ##$$a 530 =090 ##$$a 530 $b And r =100 ##$$a Andri Pandwieni =245 ##$$a Ipa Dalam Kehidupan Sehari-hari / $c Andri-Pandwieni =260 ##$$a Klaten : $b Intan Pariwara, $c 2008 =300 ##$$a iv, 52 hlm $b Ilus $c 20 cm =500 ##$$a Bibliografi : hal. 50 =650 ##$$a Sains =700 ##$$a Intan Pariwara